Statystyki dla Ile wiesz o układzie słonecznym?

Kliknij tutaj aby rozwiązać quiz!

Ogólne statystyki

  • Ten quiz został rozwiązany 56 razy
  • Średni wynik to 9 z 15

Statystyki odpowiedzi

PytanieOdpowiedź% Poprawnych
Ile planet jest w układzie słonecznym?8
100%
Czwarta planeta od słońca to?Mars
92%
Czy każda planeta w układzie słonecznym ma swój księżyc?Nie
92%
Jakie planety układu słonecznego mają pierścienie?Saturn, Jowisz, Uran, Neptun
91%
Siódma planeta od słońca to?Uran
87%
Jaką nazwę nosi największa planeta układu słonecznego?Jowisz
85%
Ile osób stanęło na księżycu?12
83%
Największa gwiazda układu słonecznego to?Słońce
81%
Najpopularniejsza planeta karłowata to?Pluton
74%
W którym roku powstała międzynarodowa stacja kosmiczna?1998
42%
Ile pierścieni ma Uran?27
42%
Jaki jest największy księżyc w Układzie Słonecznym?Ganimedes
28%
Na jakim przylądku znajduje się siedziba NASA?Canaveral
21%
Jaką nazwę nosi teoria mówiąca o tym że słońce znajduje się w centrum układu słonecznego?Teoria heliocentryczna
21%
Czym jest "Wielka Czerwona Plama" na jowiszu?Antycyklonem
11%

Rozkład punktacji

Percentyl według liczby udzielonych odpowiedzi

Procent ludzi z każdym wynikiem

Twoja historia wyników

Nie rozwiązałeś tego quizu